000 00809nam a2200289Ia 4500
003 OSt
005 20220912145124.0
006 a|||||r|||| 00| 0
007 ta
008 220909b |||||||| |||| 00| 0 eng d
020 _a9783540762874 (hbd)
024 _a82526
037 _cTextbook
040 _aCSL
_beng
_cCSL
041 _aeng
082 _aD65,8(B):(S:72), P8 TD
100 _aRutkowski Leszek
245 0 _aComputational Intelligence:methods and techniques
260 _aBerlin
_bSpringer
_c2008
300 _axiii, 514p.
_ccm.
500 _a''References 495-514p''.
650 _a Artifical intelligence
650 _a Sets
650 _aComputer science
942 _hD65,8(B):(S:72), P8 TD
_cTB
_2CC
999 _c23900
_d23900